| 000 | 01271nam a22002177a 4500 | ||
|---|---|---|---|
| 999 |
_c59274 _d59274 |
||
| 003 | Ge_BSU | ||
| 005 | 20221227151625.0 | ||
| 008 | 221227s2022ge xxu||||| |||| 00| 0 geo d | ||
| 020 | _a9789941847196 | ||
| 041 | _ageo | ||
| 080 | _a347.95(075.8) ყ-25 | ||
| 100 |
_aყანდაშვილი, ირაკლი, ავტორი. _916602 |
||
| 245 |
_aმედიაცია : _b (დავის გადაწყვეტის ეფექტური საშუალება) : პრაქტიკული სახელმძღვანელო / _cირაკლი ყანდაშვილი ; სამეცნ. რედ.ზურაბ ძლიერიშვილი. |
||
| 264 |
_aთბილისი : _bსეზანი, _c2022. |
||
| 300 |
_a326 გვ. ; _b23 სმ. |
||
| 501 | _aბიბლიოგრაფია ტექსტის შენიშვნებში და გვ. 307-326. | ||
| 653 | _aსასამართლო გადაწყვეტილებები | ||
| 653 | _aსასამართლო მედიაცია | ||
| 700 |
_aძლიერიშვილი, ზურაბ _eსამეცნიერო რედაქტორი _98152 |
||
| 942 |
_2udc _cBK |
||